000 00671cam a22002052 4500
001 0000006314
005 20151217145832.0
008 071016s xx 000 0 eng d
020 _a8123914733 :
_cKES 2600
040 _aKABU
_cKABU
245 1 0 _aEthics, computing and genomics /
_ced. by Herman T. Tavani.
260 _aNew Delhi :
_bCBC,
_c2006.
300 _axviii, 356 p.
650 0 _aGenomics
_xMoral & ethical aspects.
_@0000157740
650 0 _aGenetics
_xData processing
_xMoral &ethical aspects.
_@0000157741
700 1 _aTavani, Herman T.
_@0000157742
908 _a071016
950 _@1
999 _c3107
_d3107